Birth States of U.S. Vice Presidents - Statistics

General Stats
  • This quiz has been taken 13 times
  • The average score is 15 of 23
Answer Stats
Hint Answer % Correct
California (2) Nixon | Harris
100%
Pennsylvania (2) Dallas | Biden
82%
Nebraska (2) Ford | Cheney
82%
New York (8) G. Clinton | Tompkins | Van Buren | Fillmore | Colfax | Wheeler | T. Roosevelt | J. Sherman
82%
Massachusetts (3) J. Adams | Gerry | G. H. W. Bush
82%
Indiana (3) Marshall | Quayle | Pence
82%
Minnesota (1) Mondale
82%
Vermont (3) Arthur | Morton |Coolidge
73%
Texas (2) Garner | L. Johnson
73%
Tennessee (1) Gore
73%
Virginia (2) Jefferson | Tyler
73%
Missouri (1) Truman
73%
New Jersey (2) Burr | Hobart
64%
South Carolina (1) Calhoun
64%
Ohio (4) Hendricks | Fairbanks | Dawes | Vance
64%
Maryland (1) Agnew
55%
Maine (2) Hamlin | Rockefeller
55%
South Dakota (1) Humphrey
55%
North Carolina (2) King | A. Johnson
55%
Kansas (1) Curtis
45%
Kentucky (4) R. Johnson | Breckenridge | Stevenson | Barkley
45%
Iowa (1) H. Wallace
36%
New Hampshire (1) H. Wilson
36%
No matching quizzes found
Score Distribution
Percent of People with Each Score
Percentile by Number Answered
Your Score History
You have not taken this quiz